| 000 | 01492nam a2200361 a 4500 | ||
|---|---|---|---|
| 003 | BLK | ||
| 005 | 20240201111610.0 | ||
| 008 | 180412b bul|||||r ||||||| ||bul|| | ||
| 010 | _aKNG00005771000 | ||
| 020 | _a954-07-0480-4 | ||
| 040 | _aBLK | ||
| 041 |
_aBUL _cBUL |
||
| 080 |
_aМедицина _b61 _x(091) _z61(091) |
||
| 100 | 1 |
_aФуко, Мишел _eпърви автор _9135114 |
|
| 139 |
_aФуко, Мишел _bФ 90 |
||
| 245 | 1 | 0 |
_aРаждане на клиниката _bАрхеология на мед. поглед _cМишел Фуко; прев. от фр. Владимир Николаев Градев; прев. от фр. Ирена Николова Кръстева. |
| 257 | _aFRA | ||
| 260 |
_aСофия _bУнив. изд. Св. Климент Охридски _c1994 |
||
| 300 |
_a256 с. _c22 см |
||
| 380 | _a61 | ||
| 490 | _aБиблиотека Идеи | ||
| 500 | _aОриг. загл. La naissance de la clinique / Michel Foucault. - 1 000 тир. | ||
| 650 | 4 |
_aМедицина - история _9248937 |
|
| 700 |
_aГрадев, Владимир Николаев _d1963- _9364730 |
||
| 700 | 1 |
_aКръстева, Ирена Николова _eпрев. от фр. _9248936 |
|
| 852 |
_aЦб 180437 _bЦб |
||
| 856 | 4 |
_qpdf _u |
|
| 856 | 4 |
_qpdf _u |
|
| 942 |
_cKNG _n0 _01 |
||
| 944 |
_aCR _c15.01.2003 _k30534 _lРадостина Карадакова |
||
| 944 |
_aED _c05.12.2016 _kКети_Илиева |
||
| 999 |
_c4619 _d4619 |
||
| 999 | _d4619 | ||